000 01289nam0a22002891 4500
001 rc\3739736
005 20130115154401.0
021 _aRU
_b[72-8967]
035 _a(NLR Aleph) 007869774
090 _a7850033
_c7850033
100 _a20130115d1972 |||y0rusy50 ca
101 0 _arus
102 _aRU
105 _aa z |||||
200 1 _aАвтомобильный транспорт и перспективы его развития
_fО-во "Знание" РСФСР
210 _aМосква
_cБ. и.
_d1972
215 _a38 с.
_cчерт.
_d20
225 1 _aВ помощь лектору
_fНауч.-метод. совет по пропаганде достижений техники, экономики и передового опыта в энергетике, связи и на транспорте
300 _aПеред загл. авт.: М.А. Среднев, канд. вет. наук, доц.
320 _aСписок лит.: с. 37
606 _aАвтотранспорт СССР
_jМатериалы для докладов, лекций и т. п.
_2psbo
700 1 _aСреднев
_bМ. А.
_gМихаил Александрович
801 0 _aRU
_bNLR
_gpsbo
801 1 _aRU
_bELAR
_2rusmarc
852 _aNLR
_j72-4/6173
942 _cBOOK
980 _aNB